000 00369nam a2200145 i 4500
001 bg
100 1 _aSTALA, Z.
245 0 _aPrzepisy prawne z zakresu ksztaƂtowania i ochrony ƛrodowiska przyrodniczego /
_cZ. Stala.
250 _aWyd.3.
260 _aWarszawa,
_c1985.
040 _cBPK
041 _apol
942 _cKS
008 s pl f |000 0 pol
999 _c2402
_d2402
856 _uhttp://koha.tu.koszalin.pl/cgi-bin/koha/opac-detail.pl?biblionumber=2402
_yKatalog online BPK